| 000 | 01650nam a2200433 a 4500 | ||
|---|---|---|---|
| 001 | ebr10684919 | ||
| 003 | CaPaEBR | ||
| 006 | m u | ||
| 007 | cr cn||||||||| | ||
| 008 | 130222s2013 inua s 000 0 eng d | ||
| 010 | _z 2013933938 | ||
| 020 | _z9781118517178 (pbk. : alk. paper) | ||
| 020 | _z1118517172 (pbk. : alk. paper) | ||
| 020 | _z9781118680476 (e-book) | ||
| 040 |
_aCaPaEBR _cCaPaEBR |
||
| 035 | _a(OCoLC)846984810 | ||
| 050 | 1 | 4 |
_aHF5548.4.M525 _bM37 2013eb |
| 082 | 0 | 4 |
_a005.5 _223 |
| 100 | 1 | _aMarmel, Elaine. | |
| 245 | 1 | 0 |
_aOffice 2013 simplified _h[electronic resource] : _b[step-by-step instructions for easy learning] / _cby Elaine Marmel. |
| 250 | _a1st ed. | ||
| 260 |
_aIndianapolis, Ind. : _bJohn Wiley & Sons, _c2013. |
||
| 300 |
_a395 p. : _bill. (some col.) |
||
| 533 |
_aElectronic reproduction. _bPalo Alto, Calif. : _cebrary, _d2013. _nAvailable via World Wide Web. _nAccess may be limited to ebrary affiliated libraries. |
||
| 630 | 0 | 0 | _aMicrosoft Office. |
| 630 | 0 | 0 | _aMicrosoft Word. |
| 630 | 0 | 0 | _aMicrosoft Excel (Computer file) |
| 630 | 0 | 0 | _aMicrosoft PowerPoint (Computer file) |
| 630 | 0 | 0 | _aMicrosoft Access. |
| 630 | 0 | 0 | _aMicrosoft Windows (Computer file) |
| 650 | 0 | _aWord processing. | |
| 650 | 0 |
_aBusiness _xComputer programs. |
|
| 650 | 0 | _aElectronic spreadsheets. | |
| 650 | 0 | _aPresentation graphics software. | |
| 650 | 0 |
_aDatabase management _xComputer programs. |
|
| 655 | 7 |
_aElectronic books. _2local |
|
| 710 | 2 | _aebrary, Inc. | |
| 856 | 4 | 0 |
_uhttp://site.ebrary.com/lib/rucke/Doc?id=10684919 _zAn electronic book accessible through the World Wide Web; click to view |
| 999 |
_c12894 _d12894 |
||